Musique à partir d'une photo issue du clip vidéo #1 - Statistiques

Statistiques générales
  • Ce quiz a été pris 84 fois
  • Le résultat moyen est 7 sur 20
Statistiques - réponses
Par images Réponse % Correct
Chandelier
80%
Uptown funk
70%
Garçon
68%
Stressed out
61%
Elle me dit
55%
Rolling in the deep
55%
Paradis
46%
One more time
38%
Dernière danse
37%
Girls like you
37%
Paradise
37%
Zombie
34%
New rules
30%
Sur la Lune
30%
Oui ou non
24%
Born to die
18%
J't'emmène au vent
13%
Les planètes
8%
Sunset lover
6%
Sweater weather
3%
Aucun quiz correspondant
Distribution des résultats
% des personnes avec chaque résultat
Percentile par nombre de réponses
Votre historique - résultats
Vous n’avez pas pris ce quiz